| 000 | 00373nam a22001337a 4500 | ||
|---|---|---|---|
| 020 | _a0-442-25855-0 | ||
| 082 | _a658.7 SMO'M | ||
| 100 |
_aSMOLIK, DONALD P _966302 |
||
| 245 | _aMATERIAL REQUIRMENT OF MANUFACTURING | ||
| 260 |
_aNEWYORK _bVAN NOSTRAND _c1983 |
||
| 300 | _a349P | ||
| 650 |
_aMATERIALS MANAGEMENT PRODUCTION CONTROL INVENTORY CONTROL _966303 |
||
| 942 | _cBK | ||
| 999 |
_c574284 _d574284 |
||